Deformazione e realtà (Record n. 71130)
[ formato base ]
| 000 -LEADER | |
|---|---|
| fixed length control field | 01133nam a2200301Ia 4500 |
| 001 - CONTROL NUMBER | |
| control field | 34237 |
| 003 - CONTROL NUMBER IDENTIFIER | |
| control field | IT-RoPAU |
| 008 - FIXED-LENGTH DATA ELEMENTS--GENERAL INFORMATION | |
| fixed length control field | 130308s9999 xx 000 0 und d |
| 040 ## - CATALOGING SOURCE | |
| Original cataloging agency | IT-RoPAU |
| 040 ## - CATALOGING SOURCE | |
| Transcribing agency | IT-RoPAU |
| 041 ## - LANGUAGE CODE | |
| Language code of text/sound track or separate title | ITALIANO |
| 999 ## - SYSTEM CONTROL NUMBERS (KOHA) | |
| Koha Dewey Subclass [OBSOLETE] | SI |
| 100 ## - MAIN ENTRY--PERSONAL NAME | |
| Personal name | Verdone Mario |
| 100 ## - MAIN ENTRY--PERSONAL NAME | |
| Miscellaneous information | Codice Aut. SPICS: 86 |
| 245 ## - TITLE STATEMENT | |
| Title | Deformazione e realtà |
| 245 ## - TITLE STATEMENT | |
| Remainder of title | Deformazione e Realta' |
| 250 ## - EDITION STATEMENT | |
| Edition statement | 1a ed. |
| 260 ## - PUBLICATION, DISTRIBUTION, ETC. (IMPRINT) | |
| Place of publication, distribution, etc. | ROMA |
| 260 ## - PUBLICATION, DISTRIBUTION, ETC. (IMPRINT) | |
| Name of publisher, distributor, etc. | Bulzoni |
| 260 ## - PUBLICATION, DISTRIBUTION, ETC. (IMPRINT) | |
| Date of publication, distribution, etc. | 1985 [1° Ed.:1985 - Ed.Ling.Originale:] |
| 300 ## - PHYSICAL DESCRIPTION | |
| Extent | "168 p. (prefazione: no ; testo: 168)" |
| 500 ## - GENERAL NOTE | |
| General note | Origini del Linguaggio Cinematografico Storia e Linguaggio Arte totale e Critica totale Poetica della Deformazione Film Tedesco e gusto del Turbamento Espressionismo Karl Heinz Martin schermo Demoniaco di lotte H. Eisner Gustav Meyrink Jean Vigo Mack Sennett clair L'Herbier e Il Cinema d'avanguardia Francese Bunuel e le Avanguardie Storiche Teatro Visionico di Pino Masnata Umberto Barbaro e L'Immaginismo |
| 650 ## - SUBJECT ADDED ENTRY--TOPICAL TERM | |
| Topical term or geographic name as entry element | TEORICHE CINEMATOGRAFICHE |
| 650 ## - SUBJECT ADDED ENTRY--TOPICAL TERM | |
| Relator term | Codice materia Spics: 6805 |
| 942 ## - ADDED ENTRY ELEMENTS (KOHA) | |
| Koha item type | LIBRO |
| 957 ## - | |
| -- | 1 |
| 999 ## - SYSTEM CONTROL NUMBERS (KOHA) | |
| -- | 1 |
| Withdrawn status | Lost status | Damaged status | Not for loan | Home library | Current library | Date acquired | Total Checkouts | Full call number | Date last seen | Price effective from | Koha item type | Public note |
|---|---|---|---|---|---|---|---|---|---|---|---|---|
| Buone Condizioni | Not For Loan | SPICS-MEDIATECA | SPICS-MEDIATECA | 08/03/2013 | 34237 | 08/03/2013 | 08/03/2013 | LIBRO | Progressivo inserimento: 33576 / N. Volumi: 1 Copie: 1 Copia Rara: SI / data import: 1 marzo 2013 - By Epidotti, Trombetti, Vaglietti. |